000 00447nam a2200193Ia 4500
008 170918s9999 xx 000 0 und d
020 _a9780545540605
050 _bT271 2014
100 _aTelgemeier, Raina
245 _aSisters /
245 _cby Raina Telgemeier.
260 _aNew York :
260 _bScholastic,
260 _c2014
300 _a197 pages :
300 _bcolor illustrations ;
300 _c20cm.
500 _a290
999 _c343750
_d343750